[Event "Havana Giraldilla op"]
[Site "Havana"]
[Date "2024.08.16"]
[Round "8"]
[White "Gonzalez Fajardo, Cristian Daniel"]
[Black "Torres Ymas, Diego"]
[Result "1-0"]
[WhiteElo "1893"]
[BlackElo "1965"]
[PlyCount "109"]
[EventDate "2024.08.12"]
[EventType "swiss"]
[EventRounds "9"]
[EventCountry "CUB"]
[SourceTitle "CBM 221 Extra"]
[Source "ChessBase"]
[SourceDate "2024.09.30"]
[SourceVersion "1"]
[SourceVersionDate "2024.09.30"]
[SourceQuality "1"]

1. e4 c5 2. Nf3 e6 3. d4 cxd4 4. Nxd4 Nc6 5. Nc3 Qc7 6. a3 a6 7. Be3 Nf6 8. f4 d6 9. Qf3 Na5 10. 0-0-0 b5 11. g4 Bb7 12. g5 Nd7 13. Bd3 Nc4 14. Bxc4 Qxc4 15. Nb3 a5 16. Rd4 Qc6 17. Qe2 a4 18. Nd2 Ba6 19. Qf2 0-0-0 20. Nf3 e5 21. fxe5 dxe5 22. Rxd7 Qxd7 23. Nxe5 Qe6 24. Nxf7 Re8 25. Nxh8 b4 26. axb4 Bxb4 27. Qf7 Bc4 28. Qxe6+ Bxe6 29. Nxa4 Rxh8 30. Bd4 Rd8 31. c3 Be7 32. h4 Bd6 33. Nb6+ Kb7 34. Nd5 g6 35. Kc2 Bg4 36. Rf1 Bg3 37. Kd3 Be6 38. c4 Rd7 39. Ra1 Bxh4 40. Ra7+ Kb8 41. Rxd7 Bxd7 42. Be3 Bh3 43. Nf6 Bf1+ 44. Kd4 h5 45. gxh6 Bxf6+ 46. e5 Bh8 47. Bg5 Bh3 48. Bf6 Bf5 49. Bxh8 Kc8 50. e6 g5 51. Ke5 Bd3 52. Bf6 g4 53. Bh4 g3 54. Bxg3 Kd8 55. c5 1-0

[Event "Havana Giraldilla op"]
[Site "Havana"]
[Date "2024.08.15"]
[Round "7"]
[White "Gonzalez Fajardo, Cristian Daniel"]
[Black "Gonzalez Xique, Cesar Raul"]
[Result "1-0"]
[WhiteElo "1893"]
[BlackElo "1974"]
[PlyCount "107"]
[EventDate "2024.08.12"]
[EventType "swiss"]
[EventRounds "9"]
[EventCountry "CUB"]
[SourceTitle "CBM 221 Extra"]
[Source "ChessBase"]
[SourceDate "2024.09.30"]
[SourceVersion "1"]
[SourceVersionDate "2024.09.30"]
[SourceQuality "1"]

1. e4 e5 2. Nf3 Nc6 3. Bb5 a6 4. Ba4 Nf6 5. 0-0 Be7 6. Re1 b5 7. Bb3 d6 8. c3 0-0 9. h3 Nb8 10. d4 Nbd7 11. a4 Bb7 12. Nbd2 c5 13. d5 c4 14. Bc2 Nc5 15. axb5 axb5 16. Rxa8 Qxa8 17. Nf1 Qd8 18. Ng3 Bc8 19. Be3 Ncxe4 20. Nxe4 Nxe4 21. Bxe4 f5 22. Bc2 f4 23. Bd2 Qe8 24. Qe2 Qf7 25. Qe4 g6 26. Nd4 Bh4 27. Ne6 Bxe6 28. dxe6 Qxe6 29. Bxf4 Qf7 30. Bg3 Bxg3 31. fxg3 d5 32. Qe2 d4 33. Rf1 Qc7 34. Rxf8+ Kxf8 35. Qf2+ Kg7 36. Kh2 Qc5 37. Be4 b4 38. h4 bxc3 39. bxc3 Qd6 40. g4 Qc7 41. g5 Qd6 42. Kg1 Qd8 43. Kf1 Qd6 44. Ke1 Qb6 45. h5 Qd8 46. hxg6 hxg6 47. Qh4 Qd6 48. Qh6+ Kf7 49. Qh7+ Kf8 50. Bxg6 Qe6 51. Kd2 dxc3+ 52. Kxc3 e4 53. Qh8+ Ke7 54. Qe8+ 1-0

[Event "Havana Giraldilla op"]
[Site "Havana"]
[Date "2024.08.13"]
[Round "4"]
[White "Gonzalez Fajardo, Cristian Daniel"]
[Black "Quevedo Puron, Noryan"]
[Result "1-0"]
[WhiteElo "1893"]
[BlackElo "1984"]
[PlyCount "107"]
[EventDate "2024.08.12"]
[EventType "swiss"]
[EventRounds "9"]
[EventCountry "CUB"]
[SourceTitle "CBM 221 Extra"]
[Source "ChessBase"]
[SourceDate "2024.09.30"]
[SourceVersion "1"]
[SourceVersionDate "2024.09.30"]
[SourceQuality "1"]

1. e4 c5 2. Nf3 Nc6 3. Bb5 d6 4. 0-0 e6 5. Re1 Nge7 6. c3 a6 7. Ba4 b5 8. Bc2 Ng6 9. d4 cxd4 10. cxd4 Be7 11. a3 0-0 12. Nc3 Bb7 13. Be3 Rc8 14. Rc1 Na5 15. Nd2 d5 16. exd5 Bxd5 17. Nxd5 Qxd5 18. Be4 Qd7 19. b4 Rxc1 20. Qxc1 Rc8 21. Qb2 Nc4 22. Nxc4 Rxc4 23. Rc1 Qc7 24. Bd3 Rxc1+ 25. Qxc1 Qxc1+ 26. Bxc1 f5 27. Be2 e5 28. dxe5 Nxe5 29. f4 Nc6 30. Bb2 Bd8 31. Bf3 Bb6+ 32. Kf1 Nd4 33. Bb7 a5 34. bxa5 Ba7 35. Ke1 Kf8 36. Bd5 Ke7 37. Kd2 Kd6 38. Bg8 h6 39. Kd3 Nc6 40. Bxg7 Nxa5 41. Bxh6 Bg1 42. Bf8+ Kd7 43. h4 Nb7 44. h5 Nc5+ 45. Bxc5 Bxc5 46. h6 Bxa3 47. Kd4 Kd6 48. Kc3 Bc1 49. h7 Bxf4 50. h8Q Be5+ 51. Qxe5+ Kxe5 52. Kb4 Ke4 53. Kxb5 f4 54. Kc4 1-0

[Event "Havana Giraldilla op"]
[Site "Havana"]
[Date "2024.08.12"]
[Round "2"]
[White "Gonzalez Fajardo, Cristian Daniel"]
[Black "Rodriguez Del Valle, Angel"]
[Result "1-0"]
[WhiteElo "1893"]
[BlackElo "1818"]
[PlyCount "43"]
[EventDate "2024.08.12"]
[EventType "swiss"]
[EventRounds "9"]
[EventCountry "CUB"]
[SourceTitle "CBM 221 Extra"]
[Source "ChessBase"]
[SourceDate "2024.09.30"]
[SourceVersion "1"]
[SourceVersionDate "2024.09.30"]
[SourceQuality "1"]

1. e4 e6 2. d4 d5 3. Nc3 c5 4. exd5 cxd4 5. dxe6 Bxe6 6. Nb5 Nc6 7. Bf4 Rc8 8. Nf3 Bb4+ 9. c3 Be7 10. Nbxd4 Nf6 11. Nxe6 fxe6 12. Qxd8+ Nxd8 13. Bb5+ Nc6 14. 0-0-0 0-0 15. Rhe1 Nd5 16. Bg3 Rfe8 17. Rxe6 Nxc3 18. bxc3 Ba3+ 19. Kb1 Rxe6 20. Bc4 Nd8 21. Ng5 Kf8 22. Rxd8+ 1-0